000
00333nam a2200145Ia 4500
005
20251222154429.0
008
251222s9999||||xx |||||||||||||| ||spa||
020
_a
8402084524
082
_a
863/H51
100
_a
Hicchcock, Alfred
245
0
_a
Prohibido a los Nerviosos
250
_a
1ra.ed.
264
_b
Bruguera
942
_c
LIB
999
_c
36349
_d
36349